Analysis and Design of Dynamic Systems / (Record no. 832)
[ view plain ]
| 000 -LEADER | |
|---|---|
| fixed length control field | 00842nac a22002291u 4500 |
| 008 - FIXED-LENGTH DATA ELEMENTS--GENERAL INFORMATION | |
| fixed length control field | 100907t1997 xxu|||||r|||| 001 0 eng d |
| 010 ## - LIBRARY OF CONGRESS CONTROL NUMBER | |
| LC control number | 96033449 |
| 020 ## - INTERNATIONAL STANDARD BOOK NUMBER | |
| International Standard Book Number | 0673982580 |
| 082 00 - DEWEY DECIMAL CLASSIFICATION NUMBER | |
| Classification number | 620.104 |
| Item number | COC |
| Edition number | 22 |
| 100 ## - MAIN ENTRY--PERSONAL NAME | |
| Personal name | Cochin, Ira. |
| 9 (RLIN) | 18725 |
| 245 10 - TITLE STATEMENT | |
| Title | Analysis and Design of Dynamic Systems / |
| Statement of responsibility, etc | Ira Cochin, William Cadwallender. |
| 250 ## - EDITION STATEMENT | |
| Edition statement | 3rd ed. |
| 260 ## - PUBLICATION, DISTRIBUTION, ETC. (IMPRINT) | |
| Place of publication, distribution, etc | Reading, Mass. : |
| Name of publisher, distributor, etc | Addison-Wesley, |
| Date of publication, distribution, etc | c1997. |
| 300 ## - PHYSICAL DESCRIPTION | |
| Extent | xviii, 666 p. : |
| Other physical details | ill. ; |
| Dimensions | 25 cm. + |
| Accompanying material | 1 computer disk (3 1/2 in.) |
| 504 ## - BIBLIOGRAPHY, ETC. NOTE | |
| Bibliography, etc | Includes bibliographical references (p. 601-604) and index. |
| 538 ## - SYSTEM DETAILS NOTE | |
| System details note | System requirements for accompanying computer disk: DOS. |
| 650 #0 - SUBJECT ADDED ENTRY--TOPICAL TERM | |
| Topical term or geographic name as entry element | Engineering design. |
| 9 (RLIN) | 18726 |
| 650 #0 - SUBJECT ADDED ENTRY--TOPICAL TERM | |
| Topical term or geographic name as entry element | System analysis. |
| 9 (RLIN) | 18727 |
| 650 #0 - SUBJECT ADDED ENTRY--TOPICAL TERM | |
| Topical term or geographic name as entry element | Dynamics. |
| 9 (RLIN) | 18728 |
| 700 1# - ADDED ENTRY--PERSONAL NAME | |
| Personal name | Cadwallender, William. |
| 9 (RLIN) | 18729 |
| 942 ## - ADDED ENTRY ELEMENTS (KOHA) | |
| Item type | Book - Borrowing |
| Call number prefix | 620.104COC |
| Source of classification or shelving scheme | Dewey Decimal Classification |
| Withdrawn status | Item status | Source of classification or shelving scheme | Damaged status | Not for loan | Vendor | Home library | Current library | Shelving location | Date acquired | Source of acquisition | Cost, normal purchase price | Total Checkouts | Full call number | Barcode | Date last seen | Cost, replacement price | Koha item type |
|---|---|---|---|---|---|---|---|---|---|---|---|---|---|---|---|---|---|
| Dewey Decimal Classification | Central Library | Central Library | First floor | 07/09/2010 | 190.00 | 620.104 COC | 000003724 | 15/07/2025 | 237.50 | Book - Borrowing |